|
|
|
|
| LEADER |
00000cam a2200000 7i4500 |
| 001 |
0000069833 |
| 005 |
20170205.0 |
| 008 |
170205 |
| 020 |
|
|
|a 9789670155951(SET)
|
| 020 |
|
|
|a 9789670155982
|
| 090 |
0 |
0 |
|a JF
|b MOR MAL
|
| 100 |
0 |
|
|a Sayyidah Nur Fatihah
|
| 245 |
1 |
0 |
|a Ayah dan ibu kusayang
|c Sayyidah Nur Fatihah
|
| 260 |
|
|
|a Selangor :
|b Penerbit Enam ,
|c 2016
|
| 300 |
|
|
|a 24 p :
|b 26 cm
|
| 490 |
0 |
|
|a Siri wacana pekerti mulia
|
| 500 |
|
|
|a Children ages 7-9 years old (orange)
|
| 650 |
|
0 |
|a Children stories, Malay
|
| 650 |
|
0 |
|a Moral
|
| 999 |
|
|
|a 0001431086
|b Book
|c Children Collection
|e Cawangan Taman Universiti
|
| 999 |
|
|
|a 0001431087
|b Book
|c Children Collection
|e Cawangan Mersing
|
| 999 |
|
|
|a 0001431088
|b Book
|c Teenagers
|e Cawangan Bandar Tenggara
|
| 999 |
|
|
|a 0001431089
|b Book
|c Children Collection
|e Cawangan Tmn. Ungku Tun Aminah
|
| 999 |
|
|
|a 0001431090
|b Book
|c Children Collection
|e Cawangan Segamat
|
| 999 |
|
|
|a 0001431091
|b Book
|c Children Collection
|e Cawangan Tangkak
|
| 999 |
|
|
|a 0001431092
|b Book
|c Adult Collection
|e Cawangan Kota Tinggi
|
| 999 |
|
|
|a 0001431093
|b Book
|c Children Collection
|e Cawangan Sri Merlong
|
| 999 |
|
|
|a 0001431094
|b Book
|c Children Collection
|e Cawangan Taman Sri Lambak
|
| 999 |
|
|
|a 0001431095
|b Book
|c Children Collection
|e Cawangan Bukit Gambir
|
| 999 |
|
|
|a 0001431096
|b Book
|c Children Collection
|e Cawangan Bandar Penawar
|
| 999 |
|
|
|a 0001431097
|b Book
|c Children Collection
|e Cawangan Batu Pahat
|
| 999 |
|
|
|a 0001431098
|b Book
|c Children Collection
|e Cawangan Pontian
|
| 999 |
|
|
|a 0001432356
|b Book
|c Children Collection
|e Perbadanan Perpustakaan Awam Johor
|
| 999 |
|
|
|a 0001432357
|b Book
|c Children Collection
|e Perbadanan Perpustakaan Awam Johor
|
| 999 |
|
|
|a 0001432358
|b Book
|c Children Collection
|e Cawangan AEON Kulaijaya
|